LA REPUBLICA (Registro nro. 46708)
[ vista simple ]
| 000 -LEADER | |
|---|---|
| fixed length control field | 01048nam a2200217 a 4500 |
| 001 - CONTROL NUMBER | |
| control field | 46708 |
| 005 - DATE AND TIME OF LATEST TRANSACTION | |
| control field | 20180714030402.0 |
| 008 - FIXED-LENGTH DATA ELEMENTS--GENERAL INFORMATION | |
| fixed length control field | 140415s2004 mx 000 0 spa d |
| 020 ## - INTERNATIONAL STANDARD BOOK NUMBER | |
| International Standard Book Number | 9706668608 |
| 041 ## - LANGUAGE CODE | |
| Language code of text/sound track or separate title | spa |
| 082 ## - DEWEY DECIMAL CLASSIFICATION NUMBER | |
| Classification number | 184 |
| Item number | PLA |
| 100 1# - MAIN ENTRY--PERSONAL NAME | |
| Personal name | Platón,. |
| 245 13 - TITLE STATEMENT | |
| Title | LA REPUBLICA |
| 250 ## - EDITION STATEMENT | |
| Edition statement | 1a ed. |
| 260 ## - PUBLICATION, DISTRIBUTION, ETC. | |
| Place of publication, distribution, etc. | MEXICO : |
| Name of publisher, distributor, etc. | GRUPO EDITORIAL TOMO, S. A. DE C. V., |
| Date of publication, distribution, etc. | 2004 |
| 300 ## - PHYSICAL DESCRIPTION | |
| Extent | 239 |
| Dimensions | 23 x 16.3 x 2.2 |
| 490 ## - SERIES STATEMENT | |
| Series statement | TRILLAS TURISMO |
| 520 ## - SUMMARY, ETC. | |
| Summary, etc. | LA REPÚBLICA ES UN ESTUDIO DE LO JUSTO Y LO INJUSTO, CUYO OBJETIVO ES DEMOSTRAR LA NECESIDAD MORAL, PARA UN ESTADO Y PARA EL INDIVIDUO, DE REGIR SU CONDUCTA CONFORME A LA JUSTICIA O PARA EL INDIVIDUO, DE REGIR SU CONDUCTA CONFORME A LA JUSTICIA O LA VIRTUD, ES DECIR LA IDEA DEL BIEN, PRINCIPIOS DE ORDEN PARA LAS SOCIEDADES Y LAS ALMAS, ORIGEN DE LA FELICIDAD INDIVIDUAL Y COLECTIVA. CONSIDERANDO AL ESTADO UNA PERSONA MORAL EN TODO SEMEJANTE A UN HUMANO, EXCEPTO EN LAS PROPORCIONES, PLAT |
| 650 14 - SUBJECT ADDED ENTRY--TOPICAL TERM | |
| Topical term or geographic name entry element | FILOSOFIA CLASICA |
| General subdivision | SOCRATICOS |
| 740 ## - ADDED ENTRY--UNCONTROLLED RELATED/ANALYTICAL TITLE | |
| Uncontrolled related/analytical title | THE REPUBLIC |
| Withdrawn status | Lost status | Source of classification or shelving scheme | Damaged status | Not for loan | Collection code | Home library | Current library | Shelving location | Date acquired | Source of acquisition | Inventory number | Total Checkouts | Total Renewals | Full call number | Barcode | Date last seen | Date last checked out | Price effective from | Koha item type |
|---|---|---|---|---|---|---|---|---|---|---|---|---|---|---|---|---|---|---|---|
| Dewey Decimal Classification | General | Biblioteca Karol Wojtyla | Biblioteca Karol Wojtyla | Sala general | 03/12/2013 | Compra | 151000000000000000062888 | 8 | 3 | 184 PLA | 70054 | 05/01/2026 | 20/09/2025 | 03/12/2013 | Libro |